000 00260 a2200109 4500
003 Nust
005 20170207164424.0
040 _cNust
082 _a025.3
245 _aODLIS: Online Dictionary of Library and Information Science(E BOOK)
_cJoan M. Reitz
300 _a733p
942 _2ddc
_cBK
999 _c208928
_d208928